Statistics for Eurovision Song Lyrics - Estonia

Click here to take the quiz!

General Stats

  • This quiz has been taken 7 times
  • The average score is 69 of 252

Answer Stats

Answer% Correct
A
86%
midagi
71%
Ära
57%
ära
57%
me
57%
Me
57%
pole
57%
ja
43%
Kleidid
43%
lay's
43%
leid
43%
narkomaanid
43%
prügikasti
43%
reid
43%
roheline
43%
ainult
29%
Ainus
29%
ei
29%
huugama
29%
kott
29%
kui
29%
kuid
29%
Kuula
29%
laual
29%
limpsi
29%
Ma
29%
ma
29%
Meid
29%
meie
29%
mis
29%
Mõnuaineid
29%
moonid
29%
nii
29%
on
29%
Pardikesed
29%
pikad
29%
Politseikroonika
29%
rikkad
29%
Saab
29%
seda
29%
see
29%
seljas
29%
sest
29%
siidrit
29%
siin
29%
suvilas
29%
tea
29%
tean
29%
teevad
29%
teind
29%
väikesed,
29%
väldime,
29%
väldime
29%
vii
29%
aint
14%
eino
14%
esiritta
14%
ikka
14%
IPA-d
14%
jeaa
14%
jeaa)
14%
jõudnud
14%
käind
14%
Käivitate
14%
keha
14%
kes
14%
kikkad
14%
kirevad
14%
Kohal
14%
kõigest
14%
kommid
14%
köögipliidi
14%
kuѕ
14%
Kuigi
14%
külas
14%
kurva
14%
kus
14%
kuulda
14%
Läbi
14%
las
14%
mehed
14%
minu
14%
mul
14%
näevad
14%
nagu
14%
näind
14%
näoga
14%
narkootikume,
14%
need,
14%
need
14%
nаgu
14%
niidid?
14%
nüüd
14%
okei
14%
Ole
14%
pärast
14%
Pilvikud
14%
plikad
14%
Prillid
14%
pulli
14%
pupilli..
14%
šampinjonid
14%
spiidil
14%
suudaks
14%
tagatoas
14%
täna
14%
tants
14%
Tarekese
14%
teha
14%
teie
14%
ümber
14%
(Uuuu
14%
väga
14%
Vahet
14%
vaid
14%
vait
14%
varahommikul
14%
viisid
14%
vitamiinil
14%
Vormis
14%

Score Distribution

Percentile by Number Answered

Percent of People with Each Score

Your Score History

You have not taken this quiz